မြန်မာပိဋကတ်တိုက်များ / (Record no. 40890)

000 -LEADER
fixed length control field 00886nam a22002057a 4500
003 - CONTROL NUMBER IDENTIFIER
control field OSt
005 - DATE AND TIME OF LATEST TRANSACTION
control field 20241001141509.0
008 - FIXED-LENGTH DATA ELEMENTS--GENERAL INFORMATION
fixed length control field 230612b ||||| |||| 00| 0 eng d
040 ## - CATALOGING SOURCE
Transcribing agency SSBUL
041 ## - LANGUAGE CODE
Language code of text/sound track or separate title bur
082 ## - DEWEY DECIMAL CLASSIFICATION NUMBER
Classification number ၀၂၇.၀၅၉၁ လူ
Item number ၁၃၁၂၅ S-SAT
100 0# - MAIN ENTRY--PERSONAL NAME
Personal name လူဖေဝင်း၊ ဦး။
9 (RLIN) 25731
245 10 - TITLE STATEMENT
Title မြန်မာပိဋကတ်တိုက်များ /
Statement of responsibility, etc. ဦးလူဖေဝင်း။
260 ## - PUBLICATION, DISTRIBUTION, ETC.
Place of publication, distribution, etc. ရန်ကုန် ၊
Name of publisher, distributor, etc. စာပေဗိမာန်၊
Date of publication, distribution, etc. ၁၉၆၆။
300 ## - PHYSICAL DESCRIPTION
Extent ၉၅စာမျက်နှာ ၊
Dimensions ၁၈ စင်တီ။
490 ## - SERIES STATEMENT
Series statement စာပေဗိမာန်ထုတ်ပြည့်သူ့လက်စွဲစာစဉ်
500 ## - GENERAL NOTE
General note S-SAT: Dr Sai Aung Tun Collection.
650 ## - SUBJECT ADDED ENTRY--TOPICAL TERM
Topical term or geographic name entry element ပိဋကတ်တိုက်
Geographic subdivision မြန်မာ
9 (RLIN) 48474
942 ## - ADDED ENTRY ELEMENTS (KOHA)
Koha item type Book (Short term)
Source of classification or shelving scheme
Holdings
Withdrawn status Lost status Source of classification or shelving scheme Damaged status Not for loan Collection code Permanent Location Current Location Shelving location Date acquired Total Checkouts Full call number Barcode Date last seen Price effective from Koha item type Accession
          Special Collections Shan State Buddhist University Library Shan State Buddhist University Library Special Collection Shelves 01/10/2024   ၀၂၇.၀၅၉၁ လူ ၁၃၁၂၅ S-SAT MB00013125 01/10/2024 01/10/2024 Book (Short term) ၁၃၁၂၅ S-SAT

Library - 09407999929
Admin Office - 09407999979
Dean Office - 09250910768
Registrar Office - 09892297154
Email - [email protected]
Shan State Buddhist University, Phaya Phyu Taunggyi, Shan State, Myanmar.